[Event "Techirghiol"]
[Site "Techirghiol"]
[Date "1998.??.??"]
[Round "?"]
[White "Chernitsin, Ivan"]
[Black "Tarata, Marius"]
[Result "1-0"]
[WhiteElo "2360"]
[BlackElo "2115"]
[PlyCount "68"]
[EventDate "1998.09.??"]
[EventType "tourn"]
[EventRounds "13"]
[EventCountry "ROU"]
[EventCategory "2"]
[SourceTitle "EXT 2000"]
[Source "ChessBase"]
[SourceDate "1999.11.16"]
[SourceVersion "1"]
[SourceVersionDate "1999.11.16"]
[SourceQuality "1"]

1. e4 c6 2. d4 d5 3. e5 Bf5 4. Nf3 e6 5. Be2 Nd7 6. 0-0 Ne7 7. Nh4 Bg6 8. c3 Bxb1 9. Rxb1 Ng6 10. Nf3 Be7 11. g3 Qc7 12. h4 h6 13. Bd3 0-0-0 14. b4 b5 15. a4 a6 16. Ra1 Nb6 17. axb5 axb5 18. Bxg6 fxg6 19. Qc2 Rdf8 20. Kg2 Bd8 21. Qxg6 Qf7 22. Qxf7 Rxf7 23. h5 Rhf8 24. Ne1 Na4 25. Ra3 Bg5 26. Bxg5 hxg5 27. Nd3 Kb7 28. f4 Rf5 29. Rfa1 g4 30. Nc5+ Kc8 31. Nxa4 bxa4 32. Rxa4 R8f7 33. Ra8+ Kb7 34. R1a7+ Kb6 1-0

[Event "Techirghiol"]
[Site "Techirghiol"]
[Date "1998.??.??"]
[Round "?"]
[White "Ivanova, Svetlana"]
[Black "Tarata, Marius"]
[Result "1/2-1/2"]
[WhiteElo "2225"]
[BlackElo "2115"]
[PlyCount "77"]
[EventDate "1998.09.??"]
[EventType "tourn"]
[EventRounds "13"]
[EventCountry "ROU"]
[EventCategory "2"]
[SourceTitle "EXT 2000"]
[Source "ChessBase"]
[SourceDate "1999.11.16"]
[SourceVersion "1"]
[SourceVersionDate "1999.11.16"]
[SourceQuality "1"]

1. e4 d6 2. d4 Nf6 3. Nc3 e5 4. dxe5 dxe5 5. Qxd8+ Kxd8 6. Bg5 Be6 7. 0-0-0+ Nbd7 8. f4 exf4 9. Nge2 Kc8 10. Nxf4 c6 11. Nxe6 fxe6 12. Bc4 e5 13. Be6 Kc7 14. Rhf1 h6 15. Bh4 Bd6 16. Bxd7 Nxd7 17. Rf7 g5 18. Bg3 Rad8 19. Rdf1 Rhf8 20. Ne2 Rde8 21. Be1 Rxf7 22. Rxf7 Rf8 23. Rh7 Rf1 24. Kd2 Bf8 25. h4 Kd6 26. hxg5 hxg5 27. Ng3 Rg1 28. Bf2 Rb1 29. b3 a5 30. Be3 Ke6 31. Bxg5 Bb4+ 32. c3 Rb2+ 33. Kc1 Ba3 34. Be7 Rxb3+ 35. Bxa3 Rxa3 36. Kb2 Ra4 37. Rh6+ Kf7 38. Rh7+ Ke6 39. Rh6+ 1/2-1/2

[Event "Techirghiol"]
[Site "Techirghiol"]
[Date "1998.??.??"]
[Round "?"]
[White "Pozin, Sergey"]
[Black "Tarata, Marius"]
[Result "1-0"]
[WhiteElo "2390"]
[BlackElo "2115"]
[PlyCount "59"]
[EventDate "1998.09.??"]
[EventType "tourn"]
[EventRounds "13"]
[EventCountry "ROU"]
[EventCategory "2"]
[SourceTitle "EXT 2000"]
[Source "ChessBase"]
[SourceDate "1999.11.16"]
[SourceVersion "1"]
[SourceVersionDate "1999.11.16"]
[SourceQuality "1"]

1. e4 d6 2. d4 Nf6 3. Nc3 e5 4. Nf3 Nc6 5. Bb5 Nd7 6. 0-0 a6 7. Bc4 exd4 8. Nxd4 Nxd4 9. Qxd4 c6 10. a4 a5 11. Rd1 Qf6 12. Qxf6 gxf6 13. Be2 Kd8 14. Bh5 Ne5 15. f4 Ng6 16. Be3 Kc7 17. g3 f5 18. Bd4 Rg8 19. Kf2 Bg7 20. Bxg7 Rxg7 21. Rd2 Be6 22. Re1 Rd8 23. Re3 Rgg8 24. Rde2 Rgf8 25. Rd2 Rfe8 26. Bf3 Ne7 27. Re1 d5 28. exd5 Nxd5 29. Bxd5 Re7 30. Rd3 1-0